Normal view
MARC view
Entry Personal Name
001 - CONTROL NUMBER
- control field: 508668
003 - CONTROL NUMBER IDENTIFIER
- control field: OSt
005 - DATE AND TIME OF LATEST TRANSACTION
- control field: 20220928144610.0
008 - FIXED-LENGTH DATA ELEMENTS
- fixed length control field: 220928|| aca||aabn | a|a d
040 ## - CATALOGING SOURCE
- Original cataloging agency: OSt
- Transcribing agency: OSt
100 ## - HEADING--PERSONAL NAME
- Personal name: Carboni Rudolph A
670 ## - SOURCE DATA FOUND
- Source citation: Work cat.: (OSt)828452: Carboni Rudolph A, Planning and managing industry- university research collaborations, 1992
